Gadaria: Ujlay Phool / گڈریا: اُجلے پھول (Record no. 531433)

000 -LEADER
fixed length control field 00442nam a22001577a 4500
003 - CONTROL NUMBER IDENTIFIER
control field NUST
005 - DATE AND TIME OF LATEST TRANSACTION
control field 20191016114509.0
008 - FIXED-LENGTH DATA ELEMENTS--GENERAL INFORMATION
fixed length control field 191016b ||||| |||| 00| 0 eng d
038 ## - RECORD CONTENT LICENSOR
Staff Name MSOHAIL
082 ## - DEWEY DECIMAL CLASSIFICATION NUMBER
Classification number 0
100 ## - MAIN ENTRY--PERSONAL NAME
Personal name Ashfaq Ahmed / اشفاق احمد
9 (RLIN) 24115
245 ## - TITLE STATEMENT
Title Gadaria: Ujlay Phool / گڈریا: اُجلے پھول
260 ## - PUBLICATION, DISTRIBUTION, ETC.
Place of publication, distribution, etc. Lahore
Name of publisher, distributor, etc. Sang-e-Meel Publications
Date of publication, distribution, etc. 2012
300 ## - PHYSICAL DESCRIPTION
Extent 160,p;
Dimensions 24cm
Accompanying material H.B.
942 ## - ADDED ENTRY ELEMENTS (KOHA)
Source of classification or shelving scheme
Koha item type Book
Holdings
Withdrawn status Lost status Source of classification or shelving scheme Damaged status Not for loan Permanent Location Current Location Date acquired Total Checkouts Total Renewals Barcode Date last seen Date last checked out Price effective from Koha item type
          School of Civil and Environmental Engineering (SCEE) School of Civil and Environmental Engineering (SCEE) 10/16/2019 2 3 NIT-11430 11/26/2021 10/28/2021 10/16/2019 Book
© 2023 Central Library, National University of Sciences and Technology. All Rights Reserved.